Normal view
MARC view
- Ijaz,hesham sultan Shaheryar,Malik & Imtiaz,Aadil
Entry Personal Name
001 - CONTROL NUMBER
- control field: 4965
003 - CONTROL NUMBER IDENTIFIER
- control field: NUST
005 - DATE AND TIME OF LATEST TRANSACTION
- control field: 20170925122314.0
008 - FIXED-LENGTH DATA ELEMENTS
- fixed length control field: 170925|| aca||aabn | a|a d
040 ## - CATALOGING SOURCE
- Original cataloging agency: NUST
- Transcribing agency: NUST
100 ## - HEADING--PERSONAL NAME
- Personal name: Ijaz,hesham sultan Shaheryar,Malik & Imtiaz,Aadil
670 ## - SOURCE DATA FOUND
- Source citation: Work cat.: (NUST): Ijaz,hesham sultan Shaheryar,Malik & Imtiaz,Aadil, Impact of economic,social and political factors on fdi inflows in asian economies, 2014
